000 00489nam a2200205Ia 4500
003 GCL
005 20240530100804.0
008 140319s9999 xx 000 0 eng d
022 _a2605001385
040 _aGCL /
_cGCL
082 0 4 _a759
_bL V
100 1 _aLEYMARIE, JEAN
245 1 0 _aVAN GOGH /
_cLEYMARIE, JEAN
260 _ageneve :
_bSKIRA ،
_c1989
300 _a177 P :
_bpictures ;
_c32 cm
650 0 4 _aARTS
650 0 4 _aPAINTING
650 0 4 _aVAN GOGH
942 _2ddc
_cBK
999 _c20932
_d20932